000 00958nas a2200313 4500
001 BR0706945
003 BR-BrBNA
005 20231205111321.0
007 ta
008 230509b bl.|||p| |||| 00| 00por d
040 _aBR-BrBNA
_bpor
_cBiblioteca Nacional de Agricultura
041 _a(Pt)
072 _aL52
100 1 _aPaiva, F.A.
100 1 _aNegrão, J.A.
100 1 _aBueno, A.R.
100 1 _aSaran Neto, A.
100 1 _aLima, C.G.
245 1 _aEfeito do manejo de fornecimento de colostro na imunidade passiva, cortisol e metabólitos plasmáticos de bezerros holandeses
650 _aBEZERRO
650 _aAMAMENTAÇÃO
650 _aDESMAME
650 _aCOLOSTRO
650 _aIMUNIDADE
650 _aMETABOLISMO
773 0 _tArquivo Brasileiro de Medicina Veterinária e Zootecnia (Brazil)
_xISSN 0102-0935
_g(2006), v. 58(5) p. 739-743
_wBR0706945
909 _a202311
_bLúcia
_c55
_dLúcia Elande
942 _2AGRIS
_n0
_cANA
999 _c192015
_d192015